000
00268nam a22001217a 4500
008
171101b xxu||||| |||| 00| 0 eng d
041
_a
eng
080
_a
339
100
_a
59
101
_a
TRE
245
_a
SCIENCE IN THE MARKETPLACE
_c
KORCHIN.F.G
942
_2
udc
_c
BK
999
_c
37090
_d
37090